000 00975nam a2200277 i 4500
003 DO-SdBNP
005 20251126133555.0
007 ta
008 250506s2010 dr f001 0 spa d
040 _aDO-SdBNP
_bspa
_cBNPHU
_erda
041 _aspa
082 4 _a342.729302
_bR426c 2010
_222
110 1 _aRepública Dominicana.
_9447
240 1 0 _aConstitución (2010)
245 1 0 _aNueva Constitución de la República Dominicana :
_bproclamada y publicada el 26 de enero del año 2010. Gaceta Oficial No.10561
264 4 _aSanto Domingo :
_bColegio de Abogados de la República Dominicana
_c©2010.
300 _a113 páginas
_c21 cm.
336 _atexto
_btxt
_2rdacontent
337 _asin mediación
_bn
_2rdamedia
338 _avolumen
_bnc
_2rdacarrier
590 _aInventariado, 2025/BT
651 4 _aRepública Dominicana
_xConstitución 2010
_935654
651 4 _aRepública Dominicana
_zDerecho constitucional
_9449
910 _aBtavárez
942 _2ddc
_cLBS1
999 _c60077
_d60077